Sello ambiental colombiano (Registro nro. 20125)
[ vista simple ]
| 000 -CABECERA | |
|---|---|
| Campo de control | 00768nam a22002177a 4500 |
| 005 - FECHA Y HORA DE LA ULTIMA TRANSACCION | |
| Campo de control | 20180322153642.0 |
| 008 - ELEMENTOS DE LONGITUD FIJA—INFORMACION GENERAL | |
| Campo de control | 180322b ck ||||| |||| 00| 0 spa d |
| 020 ## - ISBN | |
| ISBN | 9589787827 |
| 040 ## - FUENTE DE CATALOGACIÓN | |
| Agencia catalogadora original | CO-BoIAVH |
| Agencia transcriptora | CO-BoIAVH |
| 041 ## - IDIOMA | |
| Código de idioma para texto/pista de sonido o título separado | Español |
| 044 ## - PAÍS DE PUBLICACIÓN | |
| País de publicación | Colombia |
| 090 ## - CLASIFICACIÓN LOCAL | |
| Colección | FG- |
| Consecutivo | 0266 |
| 110 2# - ASIENTO PRINCIPAL--NOMBRE CORPORATIVO | |
| Nombre corporativo o de jurisdicción como elemento de entrada | Colombia. |
| Unidad subordinad | Ministerio de Ambiente, Vivienda y Desarrollo Territorial |
| 9 (RLIN) | 90700 |
| 245 10 - MENCION DE TITULO | |
| Título | Sello ambiental colombiano |
| 260 ## - PUBLICACION, DISTRIBUCION, ETC. (PIE DE IMPRENTA) | |
| Lugar de publicación, distribución, etc. | Bogotá: |
| Nombre del editor, distribuidor, etc. | Ministerio de Ambiente, Vivienda y Desarrollo Territorial: |
| -- | Icontec, |
| Fecha de publicación, distribución, etc. | 2006. |
| 300 ## - DESCRIPCION FISICA | |
| Extensión | 19 páginas, |
| Otros detalles físicos | tablas a blanco y negro, |
| 505 ## - NOTA DE CONTENIDO | |
| Nota de contenido | Introducción al sello ambiental colombiano |
| 505 ## - NOTA DE CONTENIDO | |
| Nota de contenido | Beneficios del sello ambiental colombiano |
| 505 ## - NOTA DE CONTENIDO | |
| Nota de contenido | Operación del sello ambiental colombiano |
| 942 ## - ELEMENTOS ADICIONALES (KOHA) | |
| Sistema de clasificación | Local |
| Tipo de ítem | Folleto |
| Withdrawn status | Lost status | Sistema de Clasificación | Damaged status | No para préstamo | Colección | Ubicación Permanente | Ubicación actual | Fecha de adquisición | Total Checkouts | Número topográfico | Inventario / Código de Barras | Date last seen | Ejemplar | Price effective from | Forma de adquisición | Tipo de material |
|---|---|---|---|---|---|---|---|---|---|---|---|---|---|---|---|---|
| Local | Hemeroteca | Bogotá | Bogotá | 22/03/2018 | FG-0266 | 043533 | 22/03/2018 | Ej. 1 | 22/03/2018 | Donación | Folleto |